000 01722nam a2200409Ia 4500
001 ebr10224660
003 CaPaEBR
006 m u
007 cr cn|||||||||
008 971125s1998 enk sb 001 0 eng d
010 _z 97048708
020 _z9780304707348
020 _z9781847140968
020 _z0304339997 (hardcover)
040 _aCaPaEBR
_cCaPaEBR
035 _a(OCoLC)290572132
050 1 4 _aPR502
_b.H75 1998eb
082 0 4 _a821.009
_221
100 1 _aHuisman, Rosemary,
_d1941-
245 1 4 _aThe written poem
_h[electronic resource] :
_bsemiotic conventions from Old to modern English /
_cRosemary Huisman.
260 _aLondon ;
_aNew York :
_bCassell,
_c1998.
300 _aviii, 184 p.
504 _aIncludes bibliographical references (p. 167-177) and index.
533 _aElectronic reproduction.
_bPalo Alto, Calif. :
_cebrary,
_d2009.
_nAvailable via World Wide Web.
_nAccess may be limited to ebrary affiliated libraries.
650 0 _aEnglish poetry
_y20th century
_xHistory and criticism
_xTheory, etc.
650 0 _aEnglish poetry
_yOld English, ca. 450-1100
_xHistory and criticism
_xTheory, etc.
650 0 _aEnglish language
_yOld English, ca. 450-1100
_xVersification.
650 0 _aCommonwealth poetry (English)
_xHistory and criticism
_xTheory, etc.
650 0 _aAmerican poetry
_xHistory and criticism
_xTheory, etc.
650 0 _aEnglish language
_xWritten English.
650 0 _aSemiotics and literature.
650 0 _aLiterary form.
650 0 _aPoetics.
655 7 _aElectronic books.
_2local
710 2 _aebrary, Inc.
856 4 0 _uhttp://site.ebrary.com/lib/rucke/Doc?id=10224660
_zAn electronic book accessible through the World Wide Web; click to view
999 _c40488
_d40488